000 01099cam a2200301Mi 4500
001 50701
005 20230411090004.0
008 991124s2007 sp 000 0 spa d
035 _a(OCoLC)ocm42891402
040 _aPL#
_bspa
_cPL#
_dOCL
_dBAKER
_dOCLCQ
020 _a8493006572
020 _a9788493006570
029 0 _aPL#
_b8493006572
035 _a(OCoLC)42891402
049 _aGRAL
100 1 _aCapra, Frank,
_d1897-1991.
245 1 0 _aFrank Capra :
_bel nombre delante del título : autobiografía /
_c[prólogo de John Ford].
260 _a[Madrid, España] :
_bT & B Editores,
_c2007
300 _a518 p. :
_bil. ;
_c24 cm.
500 _aTítulo original: Frank Capra : the name above the tittle.-- Indice onomástico.-- 16 p. de láminas.
653 _aCapra, Frank (1897-1991)
_aBiografía.
653 _aPelículas cinematográficas
_aProducción y dirección.
700 1 _aFord, John,
_epról.
938 _aPuvill Libros
_bPUVL
_n8493006572
_c$28.66
938 _aBaker & Taylor
_bBKTY
_c21.95
_d21.95
_i8493006572
_n0006628196
_sactive
942 _2lcc
_cbk
994 _aC0
_bDRFGD
999 _c110504
_d110504